000 00391pab a2200157 454500
008 180718b2014 xxu||||| |||| 00| 0 eng d
100 _aBhattacharjee, Manash
245 _aThe Tyranny of the 'common man'
260 _c2014
300 _ap.21-22.
362 _a19 Apr
650 _aPolitics and government
773 _aEconomic and Political Weekly
908 _aN
909 _a103615
999 _c103611
_d103611